Statistiques concernant Villes par périphrase #1

Cliquez ici pour prendre le quiz!

Statistiques générales

  • Ce quiz a été pris 736 fois
  • Le résultat moyen est 9 sur 16

Statistiques - réponses

PériphraseVille% Correct
La ville roseToulouse
92%
Capitale de la rivieraNice
85%
la Chicago françaiseMarseille
82%
La cité des PapesAvignon
78%
La cité des gonesLyon
76%
La capitale de l'EuropeStrasbourg
74%
PantrucheParis
70%
La belle catalanePerpignan
64%
La capitale des AlpesGrenoble
62%
La capitale de la porcelaineLimoges
60%
La ville royaleVersailles
51%
La Florence ProvençaleAix en Provence
43%
La cité des DucsDijon
38%
La cité de PagnolAubagne
18%
La cité impérialeAjaccio
17%
La Venise du SudSète
14%

Distribution des résultats

Percentile par nombre de réponses

% des personnes avec chaque résultat

Votre développement - résultats

Vous n’avez pas pris ce quiz